000 01411cam a2200325 i 4500
999 _c1097
_d1097
001 (Sirsi) a1162379
003 OSt
005 20210531153832.0
008 200527t20192019nyu d 000 1 eng d
020 _a9781407194462
040 _aCHA
_beng
_cTAE
_erda
_dKH8
042 _anbic
082 0 _aFIC STI
100 1 _aStiefvater, Maggie,
_d1981-
_eauthor.
245 1 0 _aCall down the hawk /
_cMaggie Stiefvater.
250 _aFirst edition.
264 1 _aNew York :
_bScholastic Press,
_c2019.
264 4 _c©2019.
300 _a472 pages ;
_c20 cm.
336 _atext
_btxt
_2rdacontent.
337 _aunmediated
_bn
_2rdamedia.
338 _avolume
_bnc
_2rdacarrier.
440 _aDreamer Trilogy ;
_nBook 1.
520 _aRonan Lynch is a dreamer. He can pull both curiosities and catastrophes out of his dreams and into his compromised reality. Jordan Hennessy is a thief. The closer she comes to the dream object she is after, the more inextricably she becomes tied to it. Carmen Farooq-Lane is a hunter. Her brother was a dreamer . . . and a killer. She has seen what dreaming can do to a person. And she has seen the damage that dreamers can do. But that is nothing compared to the destruction that is about to be unleashed.
521 1 _aAges 12 and up.
650 0 _aDreams
_vJuvenile fiction.
650 0 _aMagic
_vJuvenile fiction.
650 0 _aYoung adult fiction.
942 _2ddc
_cFIC